000 00922nas a2200289 4500
001 BR0100091
003 BR-BrBNA
005 20231205102011.0
007 ta
008 230509b bl.|||p| |||| 00| 00por d
040 _aBR-BrBNA
_bpor
_cBiblioteca Nacional de Agricultura
041 _a(Pt)
072 _aF04; F01
100 1 _aSampaio, A.C.
100 1 _aOliveira, O.M.
100 1 _aFumis, T. de F.
245 1 _aInfluencia de doses de ureia e epocas de plantio sobre o crescimento vegetativo e a diferenciacao floral do abacaxizeiro cv. Smooth Cayenne
650 _aAbacaxi
650 _aUreia
650 _aEpoca de Plantio
650 _aAdubacao
650 _aCrescimento
650 _aIrrigacao por Aspersao
773 0 _tRevista Brasileira de Fruticultura (Brazil)
_xISSN 0100-2945
_g(Aug 2000), v. 22(2) p. 277-280
_wBR0100091
909 _a202311
_bLúcia
_c55
_dLúcia Elande
942 _2AGRIS
_n0
_cANA
999 _c165185
_d165185